| 000 | 00973nam a2200301 a 4500 | ||
|---|---|---|---|
| 001 | 000111134 | ||
| 003 | CHAP | ||
| 005 | 20240906114558.0 | ||
| 008 | 141208s2014 mx a |r| ||||||spa d | ||
| 010 | _a107596 | ||
| 011 | _a108568 | ||
| 040 | _cCHAP | ||
| 082 | 0 | 4 |
_a378.155068 _bT31 |
| 110 |
_aUACH. Dirección General de Administración _9115929 |
||
| 245 | 0 | 4 |
_aTercer informe de labores Universidad Autónoma Chapingo 2011-2015 / _cpor Carlos Alberto Villaseñor Perea. |
| 260 |
_aChapingo, Méx. : _bUACH., _c2014. |
||
| 300 |
_a247 P. : _bil. |
||
| 590 |
_aBATCH-UPD _b05 _c20141208 _lUCH01 _h0957 |
||
| 590 |
_aE5765TAJ _b05 _c20141208 _lUCH01 _h0956 |
||
| 650 | 1 | 4 |
_aEducación superior _xAdministración. _935601 |
| 650 | 1 | 4 |
_aUACH _vInformes. _9128937 |
| 650 | 1 | 4 |
_aUACH _xAdministración. _9115801 |
| 650 | 1 | 4 |
_aUniversidades _xInvestigación. _9116636 |
| 700 | 1 |
_aVillaseñor Perea, Carlos Alberto _9119699 |
|
| 901 | _aBK | ||
| 942 | _cLIBRO | ||
| 942 | _n0 | ||
| 999 |
_c107596 _d107596 |
||